| 000 | 00343nam a2200133Ia 4500 | ||
|---|---|---|---|
| 008 | 240624s9999 xx 000 0 und d | ||
| 041 | _aeng | ||
| 082 | _a823 HIL | ||
| 100 | _aHILMI SABI | ||
| 245 | _aSECRETS OF ANGEL HEALING HOW TO CHANNEL | ||
| 260 |
_c2011 _aNew Delhi _bPenguin |
||
| 300 | _aviii, : 312 : p. : cm. ; 20 | ||
| 365 |
_cRS _b25 |
||
| 999 |
_c19997 _d19997 |
||